000 00272nam a22001097a 4500
082 _a621.4362 DES
100 _aHADDAD.S.D
_968079
245 _aDESIGN AND APPLICATIONS IN DIESEL ENGINEERING
260 _aNEW YORK
_bJOHN WILEY & SONS
_c1984
300 _a339P
942 _cBK
999 _c575730
_d575730